000 00645nam a2200205 a 4500
005 20210223125819.0
008 060222s2004 mx r 000 0 spa d
020 _a9501265382
035 _aUPN01000142616
049 _aCG
050 4 _aP106
_bV5.6
100 1 _aVirno, Paolo
245 1 0 _aPalabras con palabras :
_bpoderes y límites del lenguaje /
_cPaolo Virno ; tr. Eduardo Sadier.
260 _aBuenos Aires :
_bPaidós,
_c2004.
300 _a264 p.
440 0 _aEspacios del saber ;
_v38
534 _pTítulo original:
_tParole con parole : poteri e limiti del linguaggio
650 4 _aLENGUAS -
_xFILOSOFIA
_93839
905 _aLibro
999 _c114763
_d114763